Top 15 Countries with Covid-19 Deaths - 10 November 2021 - Statistics

General Stats
  • This quiz has been taken 26 times
  • The average score is 11 of 25
Answer Stats
country % Correct
United States
100%
United Kingdom
92%
India
84%
France
80%
Germany
76%
Mexico
72%
Russia
72%
Brazil
64%
Italy
60%
Argentina
48%
Colombia
44%
Peru
44%
Indonesia
40%
South Africa
40%
Iran
36%
Croatia
20%
Czechia
20%
Hungary
20%
Romania
20%
Slovakia
20%
Slovenia
20%
Bosnia and Herzegovina
16%
Georgia
16%
Bulgaria
12%
North Macedonia
12%
No matching quizzes found
Score Distribution
Percent of People with Each Score
Percentile by Number Answered
Your Score History
You have not taken this quiz